[Event "BCF-ch Seniors 65"]
[Site "Hull"]
[Date "2018.08.03"]
[Round "6"]
[White "Myall, Ivan J"]
[Black "Jones, Chris"]
[Result "0-1"]
[WhiteElo "2007"]
[BlackElo "2007"]
[PlyCount "68"]
[EventDate "2018.07.29"]
[EventType "swiss"]
[EventRounds "7"]
[EventCountry "ENG"]
[SourceTitle "CBM 185 Extra"]
[Source "ChessBase"]
[SourceDate "2018.07.29"]
[SourceVersion "1"]
[SourceVersionDate "2018.07.29"]
[SourceQuality "1"]

1. d4 d5 2. Bf4 Nf6 3. e3 c5 4. c3 Nc6 5. Nd2 Qb6 6. Qb3 c4 7. Qxb6 axb6 8. e4 b5 9. e5 Nd7 10. Be2 Nb6 11. Bf3 b4 12. Ne2 h6 13. h4 Bf5 14. g4 Bd3 15. Nc1 Bc2 16. Nf1 bxc3 17. bxc3 e6 18. Kd2 Bh7 19. Bd1 Ba3 20. Bc2 Bb2 21. Rb1 Bxc1+ 22. Kxc1 Bxc2 23. Rxb6 Be4 24. Rh2 Rxa2 25. Nd2 Rc2+ 26. Kd1 Rxc3 27. Nxe4 dxe4 28. Rxb7 Rd3+ 29. Kc1 0-0 30. d5 Rxd5 31. Rc7 Nd4 32. Be3 Nf3 33. Rg2 Nxe5 34. h5 Nd3+ 0-1

[Event "BCF-ch Major op"]
[Site "Torquay"]
[Date "2013.08.09"]
[Round "11.89"]
[White "Ledger, Stephen C"]
[Black "Jones, Chris"]
[Result "1/2-1/2"]
[WhiteElo "2075"]
[BlackElo "2066"]
[PlyCount "122"]
[EventDate "2013.07.29"]
[EventType "swiss"]
[EventRounds "11"]
[EventCountry "ENG"]
[SourceTitle "EXT 2023"]
[Source "ChessBase"]
[SourceDate "2022.10.05"]
[SourceVersion "1"]
[SourceVersionDate "2022.10.05"]
[SourceQuality "1"]

1. d4 e6 2. Nf3 f5 3. Nc3 Nf6 4. Bg5 Bb4 5. Qd3 d6 6. a3 Bxc3+ 7. Qxc3 Nbd7 8. Qb3 Qe7 9. e3 0-0 10. Bd3 Qf7 11. 0-0 h6 12. Bxf6 Nxf6 13. Nd2 Nh5 14. Rae1 Kh8 15. c4 g6 16. Qc3 Ng7 17. c5 Rb8 18. Rc1 Bd7 19. cxd6 cxd6 20. Qa5 a6 21. Nc4 Ne8 22. Qb6 Bb5 23. a4 Bc6 24. b4 Qd7 25. b5 axb5 26. axb5 Bd5 27. f3 Bxc4 28. Rxc4 e5 29. Be2 Rf6 30. Rd1 e4 31. d5 Ra8 32. fxe4 Ra2 33. Bf1 f4 34. exf4 Qg4 35. Qd4 Kg8 36. h3 Qxf4 37. Rc8 Kf8 38. Rc3 Rf2 39. Rcc1 g5 40. Qd3 h5 41. Rc2 Rxc2 42. Qxc2 g4 43. Qd3 Qf2+ 44. Kh1 gxh3 45. Qxh3 Rf4 46. Bd3 Nf6 47. Rf1 Ng4 48. g3 Qxf1+ 49. Bxf1 Nf2+ 50. Kg2 Nxh3 51. gxf4 Nxf4+ 52. Kf3 Ng6 53. Bh3 Ke7 54. b6 Ne5+ 55. Kf4 Nc4 56. Bc8 Nxb6 57. Bxb7 Kf6 58. Ba6 h4 59. Kg4 Ke5 60. Bd3 Nxd5 61. exd5 Kxd5 1/2-1/2

[Event "BCF-ch Major op"]
[Site "Torquay"]
[Date "2013.08.07"]
[Round "9.95"]
[White "Campbell, Eoin S"]
[Black "Jones, Chris"]
[Result "0-1"]
[WhiteElo "1810"]
[BlackElo "2066"]
[PlyCount "92"]
[EventDate "2013.07.29"]
[EventType "swiss"]
[EventRounds "11"]
[EventCountry "ENG"]
[SourceTitle "EXT 2023"]
[Source "ChessBase"]
[SourceDate "2022.10.05"]
[SourceVersion "1"]
[SourceVersionDate "2022.10.05"]
[SourceQuality "1"]

1. d4 e6 2. c4 f5 3. g3 Nf6 4. Bg2 Be7 5. Nf3 d6 6. 0-0 0-0 7. Nc3 a5 8. b3 Ne4 9. Bb2 Nxc3 10. Bxc3 Qe8 11. Qe1 a4 12. e4 f4 13. b4 Qh5 14. Nd2 g5 15. f3 Nd7 16. g4 Qg6 17. Qe2 e5 18. d5 h5 19. h3 hxg4 20. fxg4 Qh6 21. Nf3 Nf6 22. Nxe5 dxe5 23. Bxe5 Bxb4 24. Bd4 c5 25. Bxf6 Qxf6 26. e5 Re8 27. e6 Kg7 28. Rad1 Bc3 29. h4 Bd4+ 30. Rxd4 Qxd4+ 31. Kh2 Ra6 32. Rb1 a3 33. h5 Qf6 34. Qd3 Rd6 35. Qf5 b6 36. Be4 Rh8 37. Rb3 Bxe6 38. Qxf6+ Kxf6 39. dxe6 Rxe6 40. Bf5 Rd6 41. Rxa3 Rxh5+ 42. gxh5 Kxf5 43. Kg2 g4 44. Ra6 Kg5 45. a4 f3+ 46. Kf2 Kf4 0-1

[Event "BCF-ch Major op"]
[Site "Torquay"]
[Date "2013.07.31"]
[Round "3.65"]
[White "Mulleady, Peter J"]
[Black "Jones, Chris"]
[Result "0-1"]
[WhiteElo "1889"]
[BlackElo "2066"]
[PlyCount "42"]
[EventDate "2013.07.29"]
[EventType "swiss"]
[EventRounds "11"]
[EventCountry "ENG"]
[SourceTitle "EXT 2023"]
[Source "ChessBase"]
[SourceDate "2022.10.05"]
[SourceVersion "1"]
[SourceVersionDate "2022.10.05"]
[SourceQuality "1"]

1. c4 e5 2. g3 f5 3. Bg2 Nf6 4. Nc3 Be7 5. d3 d6 6. e4 fxe4 7. dxe4 Be6 8. Nd5 c5 9. Ne2 Nc6 10. 0-0 0-0 11. h3 Nd4 12. Kh2 Nxd5 13. cxd5 Bd7 14. f4 Qb6 15. Nxd4 cxd4 16. f5 Rac8 17. Rf3 Rc5 18. Bf1 Rfc8 19. Bd3 Bb5 20. h4 Bxd3 21. Rxd3 Rxc1 0-1

[Event "IECG TE.2006.P.02309 email"]
[Site "IECG email"]
[Date "2006.12.20"]
[Round "?"]
[White "Jones, Chris"]
[Black "Farkas, Lajos"]
[Result "0-1"]
[WhiteElo "800"]
[BlackElo "2018"]
[PlyCount "48"]
[EventDate "2006.12.20"]
[EventType "tourn (corr)"]
[EventRounds "12"]
[SourceTitle "Corr 2024"]
[Source "ChessBase"]
[SourceDate "2023.10.19"]
[SourceVersion "1"]
[SourceVersionDate "2023.10.19"]
[SourceQuality "1"]

1. e4 c5 2. c3 Nf6 3. e5 Nd5 4. Nf3 Nc6 5. Bc4 Nb6 6. Be2 d5 7. exd6 Qxd6 8. 0-0 e5 9. d3 Be7 10. Nbd2 0-0 11. Ne4 Qd7 12. Bg5 f5 13. Bxe7 Qxe7 14. Ned2 Be6 15. b3 g5 16. h3 Rad8 17. Re1 e4 18. dxe4 fxe4 19. Nh2 Qf7 20. f3 e3 21. Bc4 Nxc4 22. bxc4 Rxd2 23. Qc1 Bxh3 24. gxh3 Qf4 0-1

[Event "IECG CB.2006.0.00158 email"]
[Site "IECG email"]
[Date "2006.05.22"]
[Round "1"]
[White "Sherwood, Russell"]
[Black "Jones, Chris"]
[Result "1-0"]
[WhiteElo "1806"]
[BlackElo "1800"]
[PlyCount "39"]
[EventDate "2006.05.22"]
[EventType "tourn (corr)"]
[EventRounds "6"]
[SourceTitle "Corr 2008"]
[Source "ChessBase"]
[SourceDate "2008.06.24"]
[SourceVersion "1"]
[SourceVersionDate "2008.06.24"]
[SourceQuality "1"]

1. e4 e6 2. d4 d5 3. Nd2 c5 4. exd5 exd5 5. Ngf3 Nf6 6. Bb5+ Bd7 7. Bxd7+ Nbxd7 8. 0-0 Be7 9. dxc5 Nxc5 10. Nb3 Nce4 11. Nfd4 Qd7 12. f3 Nd6 13. Nc5 Qc7 14. Nd3 0-0 15. b3 Rfe8 16. Be3 Rad8 17. Qd2 b6 18. Rae1 Qd7 19. Ne5 Qb7 20. Nec6 1-0